| 000 | 01212cam a22001934a 4500 | ||
|---|---|---|---|
| 005 | 20250605164103.0 | ||
| 008 | 250528s ||||||||||||||||||||||||d | ||
| 035 | _a17636 | ||
| 020 | _a9789605610609 | ||
| 040 |
_aGR-AtMCL _bgre _dGR-AtMCL _eAACR2 |
||
| 245 | 1 | _aΟλυμπία / Ιστορικά Μνημεία της Ελλάδας: Αρχαία Ελλάδα | |
| 260 |
_bΣελένα Εκδοτική Α. Ε, _c2013 |
||
| 300 | _a72 | ||
| 520 | _aΟι ρίζες της λατρείας και των αγώνων που τελούνταν στην Ολυμπία χάνονται στην αχλύ των μυθολογικών χρόνων. National Geographic. Εισαγωγικό Σημείωμα, Η Ιστορία της Ολυμπίας, Ο Αρχαιολογικός Χώρος, Οργάνωδη και Προετοιμασία και Διεξαγωγή των Αγώνων, Αγωνιστικοί Χώροι, Το Αρχαιολογικό Μουσείο, Τα Αθλήματα, Το Τέλος των Ολυμπιακών Αγώνων, Γλωσσάρι, Βιβλιογραφία. | ||
| 700 | 1 |
_aΚοπελιάδης Γιώργος _93825 |
|
| 942 | _cBK | ||
| 999 |
_c3038 _d3038 |
||